000 00295 a2200133 4500
005 20250701103708.0
020 _a978-2-218-92262-6
082 _a445 HAT.
100 _aHATIER.
245 _aBascherelle,
260 _aParis,
_bHatier,
_c2006.
300 _a167p.
_bIndex,
_c18cm.
942 _2ddc
_cBKS
999 _c6509
_d6509